Francés.
Gespeichert in:
| 1. Verfasser: | |
|---|---|
| Format: | keine Angabe |
| Sprache: | Spanisch Französisch |
| Erschienen: |
Barcelona
Enrique Kucera
|
| Katalog: | MANES: Suchergebnis im Bibliothekskatalog |
| Schulbuchspezifische Eigenschaften: |
|
| Tags: |
Tag hinzufügen
Keine Tags, Fügen Sie den ersten Tag hinzu!
|
| Hinzugefügt zu: | 26.04.2016 |
| Geändert in: | 07.05.2025 |
MARC
| LEADER | 000000000a22000000004500 | ||
|---|---|---|---|
| 001 | 11047 | ||
| 003 | OSt | ||
| 005 | 20250507134330.0 | ||
| 008 | 160427s sp ||||| |||| 00| 0 spa d | ||
| 040 | |c centro_manes | ||
| 041 | 1 | |a spa |a fre | |
| 561 | |5 es-BUNED |3 LT 0939 |a España. Fondo Manes UNED |k MANES | ||
| 691 | 0 | |a PRI | |
| 100 | 1 | |a Kucera, Enrique. Autor, Profesor del Centro de Estudios Universitarios, del Centro Cultural de los Ejércitos, de los Colegios del Sagrado Corazón y Ex-director del Instituto Lingüístico |9 6334 | |
| 245 | 0 | 0 | |a Francés. |
| 260 | 3 | |a Barcelona |b Enrique Kucera | |
| 300 | |a 368 p. |c 20,7 x 13,8 cm | ||
| 690 | 0 | |a LEN | |
| 942 | |2 ddc |c BK | ||
| 546 | |a España | ||
| 999 | |c 17021 |d 17021 | ||
| 999 | |c manes:17021 |d 17021 | ||